书目信息 |
| 题名: |
水轮机调速器
|
|
| 作者: | 隔河岩水电厂系列培训教材编写组 编 | |
| 分册: | ||
| 出版信息: | 武汉 武汉水利电力大学出版社 2000.04 |
|
| 页数: | 219页 | |
| 开本: | 32开 | |
| 丛书名: | ||
| 单 册: | ||
| 中图分类: | TK730 | |
| 科图分类: | ||
| 主题词: | 水轮机--设备 , 水轮机 | |
| 电子资源: | ||
| ISBN: | 7-81063-052-0 | |
| 000 | 00667nam0 2200205 45 | |
| 001 | 0006161766 | |
| 005 | 20000929185333.8 | |
| 010 | @a7-81063-052-0@d12.00元 | |
| 100 | @a20000616d2000 km y0chiy0120 ea | |
| 101 | 0 | @achi |
| 105 | @a z 000yy | |
| 200 | 1 | @a水轮机调速器@AShui Lun Ji Tiao Su Qi@f隔河岩水电厂系列培训教材编写组 编@FGe He Yan Shui Dian Chang Xi Lie Pei Xun Jiao Cai Bian Xie Zu Bian |
| 210 | @a武汉@c武汉水利电力大学出版社@d2000.04 | |
| 215 | @a219页@d32开 | |
| 606 | 0 | @a水轮机@x设备 |
| 606 | 0 | @a水轮机 |
| 690 | @aTK730@v3 | |
| 701 | 0 | @a隔河岩水电厂系列培训教材编写组@4编 |
| 801 | @aCN@bPftUser@c20000616 | |
| 905 | @dTK730@eC927@b159242-246@f5 | |
| 水轮机调速器/隔河岩水电厂系列培训教材编写组 编.-武汉:武汉水利电力大学出版社,2000.04 |
| 219页;32开 |
| ISBN 7-81063-052-0:12.00元 |
| ● |
| 相关链接 |
|
|
|
正题名:水轮机调速器
索取号:TK730/C927
 
预约/预借
| 序号 | 登录号 | 条形码 | 馆藏地/架位号 | 状态 | 备注 |
| 1 | 159242 | 201592428 | 自科二线504/504自科库 39排2列5层/ [索取号:TK730/C927] | 在馆 | |
| 2 | 159243 | 201592437 | 自科二线504/504自科库 39排2列5层/ [索取号:TK730/C927] | 在馆 | |
| 3 | 159244 | 201592446 | 自科二线504/504自科库 39排2列5层/ [索取号:TK730/C927] | 在馆 | |
| 4 | 159245 | 201592455 | 自科库501/501自科库 136排8列2层/ [索取号:TK730/C927] | 在馆 | |
| 5 | 159246 | 201592464 | 自科库501/501自科库 136排8列2层/ [索取号:TK730/C927] | 在馆 |